الماركسية والعالم الإسلامي / (Record no. 15840)
[ view plain ]
| 000 -الفاتح | |
|---|---|
| حقل البيانات ثابتة الطول | 00671nam a22001817a 4500 |
| 008 - عناصر البيانات ثابتة الطول - معلومات عامة | |
| حقل البيانات ثابتة الطول | 110815t xxu||||| |||| 00| 0 ara d |
| 082 ## - رقم تصنيف ديوى العشرى | |
| رقم الطبعة | 22 |
| رقم التصنيف | 335.43 |
| رقم المادة | ر و د |
| 100 1# - المدخل الرئيسى - إسم شخصى | |
| 9 (RLIN) | 26722 |
| الإسم الشخصى | رودنسون ، مكسيم |
| 245 ## - بيان العنوان | |
| العنوان | الماركسية والعالم الإسلامي / |
| بيان المسئوليه,etc | مكسيم رودنسون ؛ ترجمة كميل داغر |
| 250 ## - بيان الطبعة | |
| بيان الطبعة | ط 2. |
| 260 ## - PUBLICATION, DISTRIBUTION, ETC. (IMPRINT) | |
| مكان الناشر او الموزع | بيروت : |
| اسم الناشر او الموزع | دار الحقيقة ، |
| تاريخ النشر أو التوزيع | 1982. |
| 300 ## - الوصف المادى | |
| التعداد | 436 ص ؛ |
| أبعاد الوعاء | 24 سم. |
| 650 ## - المدخل الاضافى بالموضوع-مصطلح موضوعى | |
| 9 (RLIN) | 16253 |
| مصطلح موضوعي أو اسم جغرافي كعنصر مدخل | الماركسية |
| 650 ## - المدخل الاضافى بالموضوع-مصطلح موضوعى | |
| 9 (RLIN) | 15046 |
| مصطلح موضوعي أو اسم جغرافي كعنصر مدخل | الإسلام والشيوعية |
| 650 ## - المدخل الاضافى بالموضوع-مصطلح موضوعى | |
| 9 (RLIN) | 16254 |
| مصطلح موضوعي أو اسم جغرافي كعنصر مدخل | الشيوعية |
| التقسيم الفرعي الجغرافي | الدول العربية |
| 653 ## - مصطلح تكشيفى غير مقيد | |
| Resource For college | |
| Arrived date list | August2011 |
| 942 ## - عناصر المدخل الإضافي( كوها) | |
| مصدر التصنيف او مخطط الترفيف | Dewey Decimal Classification |
| Koha [default] item type | Book - Borrowing |
| حالة التراجع | حالة الفقد | مصدر التصنيف او خطة الترفيف | حالة تلف | ليس للاعارة | مجموعات كوها | المكان الدائم | المكان الحالي | موقع الترفيف | تاريخ الاكتساب | Source of acquisition | رقم الاستدعاء | الباركود | Date last seen | مُعار | نوع الوعاء |
|---|---|---|---|---|---|---|---|---|---|---|---|---|---|---|---|
| Dewey Decimal Classification | Alef-Baa | Central Library | Central Library | First floor | 15/08/2011 | 335.43 ر و د | 000024544 | 15/07/2025 | 07/09/2014 | Book - Borrowing |